000 00685nam a2200193Ii 4500
003 JO-AjNU
008 230605s9999||||xx |||||||||||||| ||und||
040 _aJO-AjNU
_bara
_erda
_cJO-AjNU
041 _aara
050 1 4 _aDF550.U4278 2006
100 3 _aتوفيق، عمر كمال؛ تقديم عمران، محمود سعيد,
_eauthor
_915210
245 0 0 _aتاريخ الدولة البيزنطية
264 3 1 _aالاسكندرية: دار المعرفة الجامعية، 2006
300 _a276ص
336 _atext
_btxt
_2rdacontent
337 _aunmediated
_bn
_2rdamedia
338 _avolume
_bnc
_2rdacarrier
650 4 _aالدولة البيزنطية-تاريخ
_915211
999 _aA4241
_c7809
_d7809